00453nam a2200169Ia 4500008004100000020001800041050001400059100001500073245004100088245005200129260001300181260003000194260000900224300001500233300002500248300001000273180207s9999 xx 000 0 und d a9780395978382 bR456 1999 aRey, H. A. aCurious George goes top the beach / cillustrated by H. A. Rey and Vipah Interactive. aBoston : bHoughton Mifflin Company, c1999 a24 pages : bcolor illustration ; c20cm.